[Event "GER CupT 1718 prel6"]
[Site "Bann"]
[Date "2018.01.13"]
[Round "1.3"]
[White "Tabatt, Hendrik"]
[Black "Sievers, Andy"]
[Result "1-0"]
[WhiteElo "2316"]
[BlackElo "2078"]
[PlyCount "67"]
[EventDate "2018.01.13"]
[EventType "team-k.o."]
[EventRounds "2"]
[EventCountry "GER"]
[SourceTitle "EXT 2019"]
[Source "ChessBase"]
[SourceDate "2018.10.10"]
[SourceVersion "1"]
[SourceVersionDate "2018.10.10"]
[SourceQuality "1"]
[WhiteTeam "Schwarzenbach"]
[BlackTeam "Bann"]
[WhiteTeamCountry "GER"]
[BlackTeamCountry "GER"]

1. Nf3 Nf6 2. g3 g6 3. Bg2 Bg7 4. c4 0-0 5. Nc3 d6 6. 0-0 e5 7. b3 Nc6 8. Bb2 Bg4 9. h3 Bf5 10. d3 h6 11. e4 Be6 12. Nd5 Nh7 13. d4 Ng5 14. Nxg5 hxg5 15. Nxc7 Qxc7 16. d5 Bd7 17. dxc6 Bxc6 18. Qd2 Bf6 19. f4 gxf4 20. gxf4 Kg7 21. Qc3 b6 22. Rad1 Rfe8 23. f5 g5 24. Qg3 Rh8 25. Bc1 Rag8 26. Rd3 Rh6 27. Rfd1 Be7 28. h4 Kh7 29. hxg5 Bxg5 30. Bxg5 f6 31. Bxh6 Rxg3 32. Rxg3 Bd7 33. Be3 b5 34. Kf2 1-0

[Event "Zweibruecken PSB-ch MTA 82nd"]
[Site "Zweibruecken"]
[Date "2013.03.24"]
[Round "4"]
[White "Sievers, Andy"]
[Black "Barthel, Ansgar"]
[Result "0-1"]
[WhiteElo "2071"]
[BlackElo "2171"]
[PlyCount "80"]
[EventDate "2013.??.??"]
[EventType "tourn"]
[EventRounds "9"]
[EventCountry "GER"]
[SourceTitle "EXT 2014"]
[Source "ChessBase"]
[SourceDate "2013.11.20"]
[SourceVersion "1"]
[SourceVersionDate "2013.11.20"]
[SourceQuality "1"]

1. e4 Nf6 2. e5 Nd5 3. d4 d6 4. c4 Nb6 5. exd6 cxd6 6. Nc3 g6 7. Be3 Bg7 8. Rc1 0-0 9. Be2 d5 10. b3 dxc4 11. bxc4 Nc6 12. d5 Na5 13. Bd4 e5 14. Bc5 Naxc4 15. Bxf8 Qxf8 16. Nf3 Bh6 17. 0-0 Bxc1 18. Qxc1 Bg4 19. Ne4 Bxf3 20. Bxf3 f6 21. Rd1 Rc8 22. Qb1 Nd6 23. Rc1 Nxe4 24. Bxe4 Rxc1+ 25. Qxc1 Qc8 26. Qb1 Kg7 27. g3 Qc5 28. d6 Qxd6 29. Bxb7 f5 30. Qb5 Nd7 31. Bd5 Nc5 32. Bc4 Qd4 33. Qe8 Qxc4 34. Qe7+ Kh6 35. Qf8+ Kh5 36. Qe7 h6 37. f4 Kg4 38. Qd8 Qc1+ 39. Kg2 Qc2+ 40. Kg1 Kf3 0-1

[Event "Zweibruecken PSB-ch MTA 82nd"]
[Site "Zweibruecken"]
[Date "2013.03.24"]
[Round "3"]
[White "Weller, Manuel"]
[Black "Sievers, Andy"]
[Result "1/2-1/2"]
[WhiteElo "2169"]
[BlackElo "2071"]
[PlyCount "22"]
[EventDate "2013.??.??"]
[EventType "tourn"]
[EventRounds "9"]
[EventCountry "GER"]
[SourceTitle "EXT 2014"]
[Source "ChessBase"]
[SourceDate "2013.11.20"]
[SourceVersion "1"]
[SourceVersionDate "2013.11.20"]
[SourceQuality "1"]

1. c4 Nf6 2. Nc3 d5 3. cxd5 Nxd5 4. g3 g6 5. Bg2 c6 6. Nf3 Bg7 7. 0-0 0-0 8. d4 Nxc3 9. bxc3 Nd7 10. e4 e5 11. Re1 Re8 1/2-1/2

[Event "Zweibruecken PSB-ch MTA 82nd"]
[Site "Zweibruecken"]
[Date "2013.03.23"]
[Round "2"]
[White "Sievers, Andy"]
[Black "Busch, Lorenz"]
[Result "1/2-1/2"]
[WhiteElo "2071"]
[BlackElo "2115"]
[PlyCount "61"]
[EventDate "2013.??.??"]
[EventType "tourn"]
[EventRounds "9"]
[EventCountry "GER"]
[SourceTitle "EXT 2014"]
[Source "ChessBase"]
[SourceDate "2013.11.20"]
[SourceVersion "1"]
[SourceVersionDate "2013.11.20"]
[SourceQuality "1"]

1. d4 Nf6 2. c4 g6 3. Nc3 Bg7 4. e4 d6 5. f3 0-0 6. Be3 Nbd7 7. Bd3 c5 8. Nge2 e5 9. d5 Ne8 10. g4 Bf6 11. Qd2 Bh4+ 12. Ng3 Ng7 13. 0-0-0 f6 14. Kb1 Rf7 15. Qg2 Nf8 16. Bf2 Kh8 17. Rdg1 Bd7 18. Nge2 Bxf2 19. Qxf2 Qe7 20. Ng3 a6 21. h4 Rb8 22. Nd1 b5 23. Ne3 bxc4 24. Bxc4 a5 25. Qd2 Qd8 26. Rc1 Rb4 27. h5 g5 28. a3 Rb8 29. Bd3 Bc8 30. Nc4 Ra7 31. Bc2 1/2-1/2

[Event "Eschborn op 08th"]
[Site "Eschborn"]
[Date "2011.05.13"]
[Round "1"]
[White "Sievers, Andy"]
[Black "Fischer, Lutz"]
[Result "1-0"]
[WhiteElo "2051"]
[BlackElo "1492"]
[PlyCount "93"]
[EventDate "2011.05.13"]
[EventType "swiss"]
[EventRounds "5"]
[EventCountry "GER"]
[SourceTitle "EXT 2014"]
[Source "ChessBase"]
[SourceDate "2013.11.20"]
[SourceVersion "1"]
[SourceVersionDate "2013.11.20"]
[SourceQuality "1"]

1. e4 e6 2. d4 d5 3. Nc3 Bb4 4. a3 Bxc3+ 5. bxc3 c5 6. exd5 exd5 7. dxc5 Be6 8. Nf3 Qa5 9. Qd4 Nf6 10. Qb4 Qc7 11. Bf4 Qc8 12. Rb1 0-0 13. Bd3 Nbd7 14. Bd6 Re8 15. 0-0 Ne4 16. Bxe4 dxe4 17. Ng5 Bd5 18. Qd4 Nf6 19. Be5 Qf5 20. f4 exf3 21. Nxf3 Qxc2 22. Bxf6 Bxf3 23. gxf3 Qg6+ 24. Kh1 Qxf6 25. Rxb7 Qc6 26. Qd7 Qxd7 27. Rxd7 Rec8 28. Rfd1 g6 29. R1d5 Kg7 30. Kg2 a5 31. Kf2 Rab8 32. Ke3 Rb3 33. Kd4 Rxa3 34. Ra7 Ra2 35. Rdd7 Rd2+ 36. Kc4 Rxd7 37. Rxd7 Kf6 38. Ra7 Ke6 39. Rxa5 Rc6 40. Rb5 Kd7 41. Kd5 f5 42. Rb6 Rc7 43. f4 Kc8 44. c6 g5 45. fxg5 f4 46. Ra6 Rf7 47. Ra8+ 1-0

[Event "GER-ch U25 op"]
[Site "Willingen"]
[Date "2009.06.01"]
[Round "3"]
[White "Yin, Stanley"]
[Black "Sievers, Andy"]
[Result "0-1"]
[WhiteElo "1932"]
[BlackElo "1953"]
[PlyCount "76"]
[EventDate "2009.05.30"]
[EventType "swiss"]
[EventRounds "9"]
[EventCountry "GER"]
[SourceTitle "EXT 2010"]
[Source "ChessBase"]
[SourceDate "2010.11.25"]
[SourceVersion "1"]
[SourceVersionDate "2010.11.25"]
[SourceQuality "1"]

1. g3 g6 2. Bg2 Bg7 3. c3 e5 4. d3 Ne7 5. Nf3 0-0 6. 0-0 d5 7. Na3 f5 8. Bg5 h6 9. Bxe7 Qxe7 10. Qb3 c6 11. e4 Be6 12. exf5 gxf5 13. Nc2 d4 14. c4 b5 15. Rfe1 bxc4 16. dxc4 Qd6 17. Qb4 Qxb4 18. Nxb4 e4 19. Nd2 a5 20. Nd3 Na6 21. Nf4 Bd7 22. Nh5 Nb4 23. Nxg7 Kxg7 24. Red1 d3 25. g4 e3 26. fxe3 Nc2 27. Rac1 Nxe3 28. Re1 Nxg2 29. Kxg2 fxg4 30. Rc3 Bf5 31. Rb3 Rae8 32. Rb7+ Kf6 33. Rd1 Re2+ 34. Kg3 Rfe8 35. Rc7 Kg5 36. Rg7+ Kf6 37. Rc7 R8e3+ 38. Kf4 Re6 0-1

[Event "Oberliga Sued W 0809"]
[Site "Germany"]
[Date "2009.03.30"]
[Round "9.5"]
[White "Sievers, Andy"]
[Black "Buermann, Jan"]
[Result "0-1"]
[WhiteElo "1920"]
[BlackElo "1871"]
[PlyCount "68"]
[EventDate "2008.10.05"]
[EventType "team-tourn"]
[EventRounds "11"]
[EventCountry "GER"]
[SourceTitle "EXT 2012"]
[Source "ChessBase"]
[SourceDate "2011.11.24"]
[SourceVersion "1"]
[SourceVersionDate "2011.11.24"]
[SourceQuality "1"]
[WhiteTeam "Bann"]
[BlackTeam "Schwarzenbach"]
[WhiteTeamCountry "GER"]
[BlackTeamCountry "GER"]

1. c4 Nf6 2. g3 c5 3. Bg2 d5 4. cxd5 Nxd5 5. Nc3 Nc7 6. Nf3 Nc6 7. 0-0 e5 8. d3 Be7 9. Nd2 Bd7 10. a4 0-0 11. Nc4 Kh8 12. Nb5 Be6 13. Nxc7 Qxc7 14. b3 f5 15. f4 exf4 16. Bxf4 Qd7 17. Ne5 Nxe5 18. Bxe5 Bd5 19. e4 Bc6 20. Bh3 Rad8 21. Bxf5 Qxd3 22. Qh5 Qe3+ 23. Rf2 Rxf5 24. Qxf5 Rf8 25. Bxg7+ Kxg7 26. Qg4+ Kh8 27. Qe2 Qxb3 28. Rxf8+ Bxf8 29. Rd1 Be7 30. Re1 Qxa4 31. Qh5 Qd4+ 32. Kf1 c4 33. e5 Qd3+ 34. Re2 Qd1+ 0-1

[Event "Oberliga Sued W 0809"]
[Site "Germany"]
[Date "2008.10.26"]
[Round "2.6"]
[White "Lang, Matthias"]
[Black "Sievers, Andy"]
[Result "1-0"]
[WhiteElo "2201"]
[BlackElo "1920"]
[PlyCount "101"]
[EventDate "2008.10.05"]
[EventType "team-tourn"]
[EventRounds "11"]
[EventCountry "GER"]
[SourceTitle "EXT 2012"]
[Source "ChessBase"]
[SourceDate "2011.11.24"]
[SourceVersion "1"]
[SourceVersionDate "2011.11.24"]
[SourceQuality "1"]
[WhiteTeam "Landau"]
[BlackTeam "Bann"]
[WhiteTeamCountry "GER"]
[BlackTeamCountry "GER"]

1. e4 c5 2. Nf3 d6 3. d4 cxd4 4. Nxd4 Nf6 5. Nc3 g6 6. Be3 Bg7 7. f3 Nc6 8. Qd2 Bd7 9. 0-0-0 a6 10. g4 Rc8 11. g5 Nh5 12. Nd5 Qa5 13. Qxa5 Nxa5 14. Nb6 Rc7 15. b4 Nc6 16. Nxc6 Rxc6 17. b5 Rc3 18. bxa6 bxa6 19. Rd3 Bb5 20. Rxc3 Bxc3 21. Bxb5+ axb5 22. Nd5 Ba5 23. Bd2 Bd8 24. Nc3 b4 25. Nd5 Kd7 26. Nxb4 Rf8 27. Nd3 f6 28. gxf6 Rxf6 29. Rf1 e5 30. Kd1 Ke6 31. c4 Bb6 32. Ke2 Rf7 33. Rb1 Bd4 34. a4 Ra7 35. a5 Nf6 36. Rb5 Nd7 37. Nb4 Bc5 38. Nd5 Bd4 39. Nb4 Bc5 40. Nd5 Bd4 41. Bg5 Kf7 42. Be7 Ke6 43. Bd8 Nc5 44. Bb6 Rb7 45. Bxc5 Rxb5 46. cxb5 Bxc5 47. Kd3 h5 48. Kc4 Kd7 49. b6 Kc6 50. Ne7+ Kb7 51. Kb5 1-0

[Event "RLP-ch MTB 27th"]
[Site "Hoeheinoed"]
[Date "2008.07.04"]
[Round "6"]
[White "Ludy, Klaus"]
[Black "Sievers, Andy"]
[Result "1/2-1/2"]
[WhiteElo "2128"]
[BlackElo "1924"]
[PlyCount "36"]
[EventDate "2008.06.27"]
[EventType "swiss"]
[EventRounds "7"]
[EventCountry "GER"]
[SourceTitle "EXT 2009"]
[Source "ChessBase"]
[SourceDate "2008.11.26"]
[SourceVersion "1"]
[SourceVersionDate "2008.11.26"]
[SourceQuality "1"]

1. b3 Nf6 2. Bb2 c5 3. Nf3 Nc6 4. e3 d5 5. d4 Bg4 6. Be2 cxd4 7. exd4 e6 8. 0-0 Bd6 9. c4 0-0 10. Nbd2 Nh5 11. Ne5 Bxe2 12. Qxe2 Qg5 13. g3 Nf4 14. Qe3 Nh3+ 15. Kg2 Qxe3 16. fxe3 Ng5 17. Nxc6 bxc6 18. h4 Bb4 1/2-1/2

[Event "BL2-Sued 0708"]
[Site "Germany"]
[Date "2008.01.20"]
[Round "5.8"]
[White "Lentrodt, Thomas"]
[Black "Sievers, Andy"]
[Result "1-0"]
[WhiteElo "2262"]
[BlackElo "1924"]
[PlyCount "108"]
[EventDate "2007.10.21"]
[EventType "team-tourn"]
[EventRounds "9"]
[EventCountry "GER"]
[SourceTitle "EXT 2009"]
[Source "ChessBase"]
[SourceDate "2008.11.26"]
[SourceVersion "1"]
[SourceVersionDate "2008.11.26"]
[SourceQuality "1"]
[WhiteTeam "Bayern Muenchen"]
[BlackTeam "Bann"]
[WhiteTeamCountry "GER"]
[BlackTeamCountry "GER"]

1. e4 c5 2. b3 d6 3. Bb2 Nc6 4. Nf3 e5 5. Bc4 Be7 6. 0-0 Nf6 7. Re1 0-0 8. h3 Rb8 9. c3 b5 10. Bf1 b4 11. cxb4 Nxb4 12. Nc3 Ba6 13. Bxa6 Nxa6 14. d3 Qd7 15. Nd2 Ne8 16. Nc4 Bg5 17. Bc1 Bxc1 18. Rxc1 f5 19. exf5 Qxf5 20. Qd2 Nb4 21. Re3 Qd7 22. Rce1 Nf6 23. Ne4 Ne8 24. Rg3 Kh8 25. Ree3 Nd5 26. Ref3 Nf4 27. Nxc5 dxc5 28. Nxe5 Qf5 29. Rxf4 Qxf4 30. Rf3 Qxf3 31. Nxf3 Rf7 32. Ne5 Rf5 33. Qe3 Rc8 34. g4 Rf6 35. g5 Rf5 36. g6 Nd6 37. gxh7 Kxh7 38. f4 Nb5 39. Qe4 Nd6 40. Qd5 Rf6 41. Ng4 Rxf4 42. Qxd6 Rd4 43. Qe7 Kh8 44. Ne5 c4 45. Ng6+ Kh7 46. Nf8+ Rxf8 47. Qxf8 cxd3 48. Qf2 Rd6 49. Qd2 Kg6 50. Kf1 Kf5 51. Ke1 Rd5 52. Qf2+ Ke4 53. Qxa7 d2+ 54. Kd1 g5 1-0

[Event "RLP-ch MTB 26th"]
[Site "Ludwigshafen"]
[Date "2007.07.22"]
[Round "7"]
[White "Piekors, Mark"]
[Black "Sievers, Andy"]
[Result "0-1"]
[WhiteElo "2111"]
[BlackElo "1799"]
[PlyCount "120"]
[EventDate "2007.07.13"]
[EventType "swiss"]
[EventRounds "7"]
[EventCountry "GER"]
[SourceTitle "EXT 2009"]
[Source "ChessBase"]
[SourceDate "2008.11.26"]
[SourceVersion "1"]
[SourceVersionDate "2008.11.26"]
[SourceQuality "1"]

1. Nf3 d6 2. d4 g6 3. c4 Bg7 4. Nc3 Nf6 5. g3 Nbd7 6. Bg2 c5 7. 0-0 0-0 8. b3 Rb8 9. Bb2 a6 10. a4 b6 11. h3 Bb7 12. d5 Ne4 13. Qc2 Nxc3 14. Bxc3 Bxc3 15. Qxc3 e5 16. dxe6 fxe6 17. Qe3 Qe7 18. Rfd1 Bxf3 19. Bxf3 Ne5 20. Bg2 a5 21. f4 Nf7 22. Ra2 Rbc8 23. Rad2 Rfd8 24. Rd3 Qf6 25. Be4 Rc7 26. Qf3 Re7 27. Kg2 Rf8 28. Kh2 Qg7 29. Qg2 g5 30. e3 Kh8 31. R1d2 Rfe8 32. Bc6 Rf8 33. Bf3 Rfe8 34. Bh5 gxf4 35. exf4 e5 36. Bxf7 Qxf7 37. fxe5 dxe5 38. Qe4 Qg6 39. Re2 Qxe4 40. Rxe4 Re6 41. Kg2 Kg7 42. Rd7+ R8e7 43. Rxe7+ Rxe7 44. Kf3 Kf6 45. Rh4 Kg6 46. g4 Rd7 47. Ke3 Rd1 48. Rh5 Rb1 49. Ke4 Rxb3 50. Kd5 e4 51. Kxe4 Rb4 52. Kd5 Rxa4 53. Re5 Rb4 54. h4 a4 55. Re8 b5 56. cxb5 Rxb5 57. Re6+ Kf7 58. Ra6 Rb4 59. g5 Rxh4 60. Kxc5 Rg4 0-1

[Event "RLP-ch MTB 26th"]
[Site "Ludwigshafen"]
[Date "2007.07.20"]
[Round "6"]
[White "Engel, Manfred"]
[Black "Sievers, Andy"]
[Result "0-1"]
[WhiteElo "1906"]
[BlackElo "1799"]
[PlyCount "98"]
[EventDate "2007.07.13"]
[EventType "swiss"]
[EventRounds "7"]
[EventCountry "GER"]
[SourceTitle "EXT 2009"]
[Source "ChessBase"]
[SourceDate "2008.11.26"]
[SourceVersion "1"]
[SourceVersionDate "2008.11.26"]
[SourceQuality "1"]

1. d4 Nf6 2. Nf3 g6 3. e3 Bg7 4. Bd3 d6 5. Nbd2 Nbd7 6. b3 c5 7. Bb2 a6 8. 0-0 0-0 9. Re1 b5 10. c4 bxc4 11. Nxc4 Bb7 12. Ncd2 cxd4 13. exd4 Nd5 14. Nc4 N7f6 15. Qd2 Nc7 16. Qd1 Ne6 17. a4 Nf4 18. a5 Nxd3 19. Qxd3 Nd5 20. Qd2 Re8 21. Re2 Bc6 22. Ra3 Rb8 23. Qd1 Qd7 24. Rd2 Bh6 25. Rd3 Bb5 26. Bc1 Bf4 27. g3 Bxc1 28. Qxc1 Qf5 29. Ne1 Rec8 30. Ra1 Nf6 31. Rf3 Qe6 32. Qe3 Qxe3 33. Rxe3 Nd5 34. Nb6 Nxe3 35. Nxc8 Rxc8 36. fxe3 Rc3 37. Kf2 Rxb3 38. Ra2 Bc4 39. Ra1 Rb2+ 40. Kf3 Rxh2 41. Rc1 d5 42. Ng2 Bd3 43. Nf4 Be4+ 44. Kg4 h5+ 45. Kg5 Kg7 46. Ne6+ fxe6 47. Rc6 Bd3 48. Rxe6 Kf7 49. Re5 e6 0-1

[Event "RLP-ch MTB 26th"]
[Site "Ludwigshafen"]
[Date "2007.07.15"]
[Round "5"]
[White "Sievers, Andy"]
[Black "Diosu, Georg"]
[Result "0-1"]
[WhiteElo "1799"]
[BlackElo "2179"]
[PlyCount "114"]
[EventDate "2007.07.13"]
[EventType "swiss"]
[EventRounds "7"]
[EventCountry "GER"]
[SourceTitle "EXT 2009"]
[Source "ChessBase"]
[SourceDate "2008.11.26"]
[SourceVersion "1"]
[SourceVersionDate "2008.11.26"]
[SourceQuality "1"]

1. e4 e5 2. Nf3 Nf6 3. Nc3 Nc6 4. Bb5 Nd4 5. Ba4 Bc5 6. 0-0 0-0 7. h3 d6 8. d3 c6 9. Nxd4 Bxd4 10. Ne2 Bb6 11. Kh1 Nh5 12. Ng3 Nf4 13. Nf5 Bxf5 14. exf5 Qh4 15. Qg4 Bxf2 16. Qxh4 Bxh4 17. Bxf4 exf4 18. Rxf4 Bf6 19. c3 Rfe8 20. Rff1 Re2 21. Rab1 Rae8 22. d4 d5 23. Bd1 R2e3 24. Bf3 Kf8 25. Kg1 Bh4 26. Kh2 Be1 27. Rc1 b5 28. Kg1 Bg3 29. Rfd1 Ke7 30. Rf1 Kf6 31. Rcd1 Kg5 32. Rc1 h5 33. Rcd1 h4 34. Ra1 Rd3 35. Rad1 Ree3 36. Bg4 f6 37. Rb1 Rd2 38. Rfd1 Red3 39. Rxd2 Rxd2 40. Kf1 a5 41. a3 Rf2+ 42. Kg1 a4 43. Bf3 Rc2 44. Bd1 Rd2 45. Bg4 Bf4 46. Bd1 Be3+ 47. Kh1 Rf2 48. Bf3 Rc2 49. Bd1 Rc1 50. Rxc1 Bxc1 51. b3 axb3 52. Bxb3 Bxa3 53. Kg1 Bb2 54. Kf2 Kf4 55. Bd1 Bxc3 56. Bh5 Bxd4+ 57. Kf1 b4 0-1